000 01376nam0a22002891 4500
001 RU\INFOCOMM_327\NLR\5000061865
005 20250613112535.0
035 _a(NLR Aleph) 009612869
090 _a9383211
_c9383211
100 _a20130318d1977 |||y0rusy50 ca
101 0 _aeng
102 _aRU
105 _ay z |||||
200 1 _a25th Congress of the CPSU - a milestone toward communism
_eСписок слов и словосочетаний к методической разработке по теме "25 съезд КПСС"
_fМин-во высш. и сред. спец. образования РСФСР. Куйбышевский плановый ин-т
210 _aКуйбышев
_d1977
215 _a88 с.
_d20 см
300 _aНа обороте тит. л. сост.: Пашин Лев Михайлович
517 1 _aСписок слов и словосочетаний к методической разработке по теме "25 съезд КПСС"
532 1 1 _aTwenty-fifth Congress of the CPSU - a milestone toward communism
686 _aШ143.21-93рус3-3
_2rubbk
700 1 _9z01790
_aPašin
_bL. M.
_gLev Michajlovič
790 1 _9z01700
_aПашин
_bЛ. М.
_gЛев Михайлович
_4070
801 1 _aRU
_bInfocomm
_c20130318
801 0 _aRU
_bINFOCOMM
_gPSBO
852 _aNLR
_jЯ61 Д-4/117
942 _cBOOK
980 _aNB